00537nam a2200169Ia 450000500170000000800410001708200180005810000130007624500870008926000300017630000170020665000160022365000120023994200060025195200950025799900150035220250320062545.0240331s9999 xx 000 0 und d a302bSPE2554 aSpear, P 4aThe Nabobs:bA Study of the Social Life of the English in Eighteenth Century India aCalcutta,bRupa Co.c1991 axxi, 213 p., aSettlements aSociety cL 001040708LaWERCLbWERCLcSSCd2024-03-31l0o 302 SPEp554r2024-03-31w2024-03-31yL c1080d1080